[Event "DVM U16w 2024"]
[Site "Neumünster GER"]
[Date "2024.12.27"]
[Round "2"]
[White "Stepanjan, Tatevik Mia"]
[Black "Christiansen, Jana-Marie"]
[Result "1-0"]
[Termination "normal"]
[Board "9.1"]
[WhiteElo "1572"]
[BlackElo "1602"]
[WhiteClock "00:59:25"]
[BlackClock "01:02:32"]
[WhiteTeam "Elmshorner SC 1896"]
[BlackTeam "SC Agon Neumünster"]
[PlyCount "43"]
[WhiteFideId "16246128"]
[BlackFideId "16295820"]
[EventCountry "GER"]
[EventRounds "7"]
[EventType "team-swiss"]
[EventDate "2024.12.26"]

1. e4 {[%clk 01:30:57]} {[%emt 00:00:02]} e5 {[%clk 01:30:50]} {[%emt
00:00:10]} 2. Nf3 {[%clk 01:31:21]} {[%emt 00:00:06]} Nf6 {[%clk 01:31:11]}
{[%emt 00:00:09]} 3. Nc3 {[%clk 01:31:38]} {[%emt 00:00:13]} Nc6 {[%clk
01:31:10]} {[%emt 00:00:31]} 4. Bb5 {[%clk 01:31:26]} {[%emt 00:00:43]} d6
{[%clk 01:28:30]} {[%emt 00:03:09]} 5. d3 {[%clk 01:31:18]} {[%emt 00:00:38]}
a6 {[%clk 01:27:30]} {[%emt 00:01:29]} 6. Ba4 {[%clk 01:31:33]} {[%emt
00:00:15]} Bd7 {[%clk 01:26:21]} {[%emt 00:01:39]} 7. Bg5 {[%clk 01:31:27]}
{[%emt 00:00:36]} Be7 {[%clk 01:25:59]} {[%emt 00:00:52]} 8. O-O {[%clk
01:31:33]} {[%emt 00:00:24]} O-O {[%clk 01:26:04]} {[%emt 00:00:26]} 9. h3
{[%clk 01:29:01]} {[%emt 00:03:02]} Be6 {[%clk 01:22:35]} {[%emt 00:03:58]} 10.
d4 {[%clk 01:23:21]} {[%emt 00:06:11]} exd4 {[%clk 01:18:54]} {[%emt 00:04:11]}
11. Nxd4 {[%clk 01:21:53]} {[%emt 00:01:58]} Nxd4 {[%clk 01:17:16]} {[%emt
00:02:08]} 12. Qxd4 {[%clk 01:21:54]} {[%emt 00:00:29]} h6 {[%clk 01:17:24]}
{[%emt 00:00:22]} 13. Bd2 {[%clk 01:20:08]} {[%emt 00:02:16]} Nd7 {[%clk
01:12:51]} {[%emt 00:05:04]} 14. Nd5 {[%clk 01:16:39]} {[%emt 00:03:59]} Bxd5
{[%clk 01:10:56]} {[%emt 00:02:25]} 15. exd5 {[%clk 01:15:05]} {[%emt
00:02:04]} Bf6 {[%clk 01:10:51]} {[%emt 00:00:34]} 16. Qg4 {[%clk 01:13:37]}
{[%emt 00:01:57]} Ne5 {[%clk 01:09:23]} {[%emt 00:01:59]} 17. Qg3 {[%clk
01:10:29]} {[%emt 00:03:36]} Bh4 {[%clk 01:09:05]} {[%emt 00:00:48]} 18. Qe3
{[%clk 01:05:55]} {[%emt 00:05:02]} Qf6 {[%clk 01:05:25]} {[%emt 00:04:13]} 19.
Bc3 {[%clk 01:03:41]} {[%emt 00:02:45]} Qg5 {[%clk 01:04:42]} {[%emt 00:01:12]}
20. f4 {[%clk 01:00:44]} {[%emt 00:03:27]} Nc4 {[%clk 01:04:05]} {[%emt
00:01:06]} 21. Qd4 {[%clk 01:00:03]} {[%emt 00:01:10]} Qf5 {[%clk 01:02:32]}
{[%emt 00:02:02]} 22. Qxg7# {[%clk 00:59:25]} {[%emt 00:00:40]} 1-0

[Event "DVM U16w 2024"]
[Site "Neumünster GER"]
[Date "2024.12.27"]
[Round "2"]
[White "Guliyeva, Zahra"]
[Black "Margaryan, Sofia"]
[Result "0-1"]
[Termination "normal"]
[Board "9.2"]
[WhiteElo "1053"]
[BlackElo "1532"]
[WhiteClock "01:14:28"]
[BlackClock "01:27:43"]
[WhiteTeam "SC Agon Neumünster"]
[BlackTeam "Elmshorner SC 1896"]
[PlyCount "74"]
[WhiteFideId "34630198"]
[BlackFideId "16268229"]
[EventCountry "GER"]
[EventRounds "7"]
[EventType "team-swiss"]
[EventDate "2024.12.26"]

1. c4 {[%clk 01:30:59]} e5 {[%clk 01:30:51]} {[%emt 00:00:09]} 2. g3 {[%clk
01:31:23]} {[%emt 00:00:05]} Nf6 {[%clk 01:31:12]} {[%emt 00:00:08]} 3. Bg2
{[%clk 01:31:49]} {[%emt 00:00:05]} c6 {[%clk 01:31:29]} {[%emt 00:00:14]} 4.
e3 {[%clk 01:32:10]} {[%emt 00:00:09]} d5 {[%clk 01:31:49]} {[%emt 00:00:10]}
5. cxd5 {[%clk 01:32:32]} {[%emt 00:00:07]} cxd5 {[%clk 01:32:12]} {[%emt
00:00:07]} 6. Ne2 {[%clk 01:31:55]} {[%emt 00:01:07]} Nc6 {[%clk 01:32:16]}
{[%emt 00:00:26]} 7. O-O {[%clk 01:32:10]} {[%emt 00:00:15]} Bd6 {[%clk
01:32:26]} {[%emt 00:00:20]} 8. Nbc3 {[%clk 01:30:46]} {[%emt 00:01:55]} Be6
{[%clk 01:31:24]} {[%emt 00:01:31]} 9. d4 {[%clk 01:30:13]} {[%emt 00:01:03]}
e4 {[%clk 01:31:41]} {[%emt 00:00:14]} 10. Bd2 {[%clk 01:28:45]} {[%emt
00:01:58]} O-O {[%clk 01:32:00]} {[%emt 00:00:11]} 11. Rc1 {[%clk 01:26:14]}
{[%emt 00:03:01]} a6 {[%clk 01:32:20]} {[%emt 00:00:10]} 12. a4 {[%clk
01:26:23]} {[%emt 00:00:20]} Qd7 {[%clk 01:32:41]} {[%emt 00:00:09]} 13. f3
{[%clk 01:21:11]} {[%emt 00:05:42]} Bh3 {[%clk 01:31:39]} {[%emt 00:01:32]} 14.
fxe4 {[%clk 01:21:24]} {[%emt 00:00:17]} Bxg2 {[%clk 01:31:55]} {[%emt
00:00:13]} 15. Kxg2 {[%clk 01:21:48]} {[%emt 00:00:06]} Nxe4 {[%clk 01:32:02]}
{[%emt 00:00:24]} 16. Nxd5 {[%clk 01:21:47]} {[%emt 00:00:30]} Rad8 {[%clk
01:27:58]} {[%emt 00:04:35]} 17. Nef4 {[%clk 01:19:59]} {[%emt 00:02:14]} Nxd2
{[%clk 01:25:33]} {[%emt 00:02:58]} 18. Qxd2 {[%clk 01:20:15]} {[%emt
00:00:15]} Bxf4 {[%clk 01:25:44]} {[%emt 00:00:19]} 19. Rxf4 {[%clk 01:20:16]}
{[%emt 00:00:29]} Qxd5+ {[%clk 01:25:53]} {[%emt 00:00:20]} 20. e4 {[%clk
01:20:29]} {[%emt 00:00:17]} Qxd4 {[%clk 01:26:11]} {[%emt 00:00:12]} 21. Qe2
{[%clk 01:16:37]} {[%emt 00:04:20]} Qd2 {[%clk 01:26:25]} {[%emt 00:00:18]} 22.
Re1 {[%clk 01:16:19]} {[%emt 00:00:45]} Qxe2+ {[%clk 01:26:29]} {[%emt
00:00:30]} 23. Rxe2 {[%clk 01:16:43]} {[%emt 00:00:05]} Nd4 {[%clk 01:26:37]}
{[%emt 00:00:22]} 24. Ref2 {[%clk 01:16:13]} {[%emt 00:00:57]} Ne6 {[%clk
01:26:13]} {[%emt 00:00:58]} 25. R4f3 {[%clk 01:15:28]} {[%emt 00:01:13]} Rd4
{[%clk 01:26:33]} {[%emt 00:00:12]} 26. e5 {[%clk 01:15:28]} {[%emt 00:00:29]}
Rxa4 {[%clk 01:26:37]} {[%emt 00:00:28]} 27. Rc2 {[%clk 01:15:35]} {[%emt
00:00:23]} Re4 {[%clk 01:26:39]} {[%emt 00:00:27]} 28. Rfc3 {[%clk 01:15:48]}
{[%emt 00:00:18]} h6 {[%clk 01:26:38]} {[%emt 00:00:30]} 29. b4 {[%clk
01:12:56]} {[%emt 00:03:22]} Rxe5 {[%clk 01:26:31]} {[%emt 00:00:36]} 30. Rd3
{[%clk 01:12:57]} {[%emt 00:00:27]} Rd8 {[%clk 01:26:37]} {[%emt 00:00:27]} 31.
Rf3 {[%clk 01:12:59]} {[%emt 00:00:26]} Nd4 {[%clk 01:26:32]} {[%emt 00:00:35]}
32. Rcf2 {[%clk 01:13:14]} {[%emt 00:00:16]} Nxf3 {[%clk 01:26:49]} {[%emt
00:00:14]} 33. Rxf3 {[%clk 01:13:30]} {[%emt 00:00:14]} Re2+ {[%clk 01:27:03]}
{[%emt 00:00:15]} 34. Kh3 {[%clk 01:13:52]} {[%emt 00:00:07]} Rd4 {[%clk
01:27:09]} {[%emt 00:00:26]} 35. Rb3 {[%clk 01:13:56]} {[%emt 00:00:25]} g5
{[%clk 01:27:23]} {[%emt 00:00:16]} 36. Rc3 {[%clk 01:14:11]} {[%emt 00:00:16]}
g4+ {[%clk 01:27:23]} {[%emt 00:00:29]} 37. Kh4 {[%clk 01:14:28]} {[%emt
00:00:12]} Rxh2# {[%clk 01:27:43]} {[%emt 00:00:10]} 0-1

[Event "DVM U16w 2024"]
[Site "Neumünster GER"]
[Date "2024.12.27"]
[Round "2"]
[White "Schmidt, Sophie"]
[Black "Neitzke, Loreley"]
[Result "1-0"]
[Termination "normal"]
[Board "10.2"]
[WhiteElo "1695"]
[BlackElo "883"]
[WhiteClock "01:14:07"]
[BlackClock "00:58:15"]
[WhiteTeam "SV Stuttgart-Wolfbusch 1956"]
[BlackTeam "SV Eintracht Tangerhütte"]
[PlyCount "43"]
[WhiteFideId "34682503"]
[EventCountry "GER"]
[EventRounds "7"]
[EventType "team-swiss"]
[EventDate "2024.12.26"]

1. d4 {[%clk 01:30:58]} {[%emt 00:00:01]} e6 {[%clk 01:30:52]} {[%emt
00:00:08]} 2. Nf3 {[%clk 01:31:21]} {[%emt 00:00:07]} c5 {[%clk 01:31:11]}
{[%emt 00:00:11]} 3. Bf4 {[%clk 01:31:21]} {[%emt 00:00:30]} cxd4 {[%clk
01:31:20]} {[%emt 00:00:21]} 4. Qxd4 {[%clk 01:30:21]} {[%emt 00:01:31]} Nc6
{[%clk 01:31:42]} {[%emt 00:00:09]} 5. Qd1 {[%clk 01:30:06]} {[%emt 00:00:45]}
Qa5+ {[%clk 01:31:27]} {[%emt 00:00:45]} 6. c3 {[%clk 01:27:43]} {[%emt
00:02:53]} Bc5 {[%clk 01:29:07]} {[%emt 00:02:49]} 7. b4 {[%clk 01:25:45]}
{[%emt 00:02:29]} Nxb4 {[%clk 01:28:55]} {[%emt 00:00:41]} 8. cxb4 {[%clk
01:26:02]} {[%emt 00:00:14]} Qxb4+ {[%clk 01:29:06]} {[%emt 00:00:17]} 9. Bd2
{[%clk 01:24:29]} {[%emt 00:02:05]} Qb2 {[%clk 01:21:29]} {[%emt 00:08:07]} 10.
Nc3 {[%clk 01:19:53]} {[%emt 00:05:06]} Bb4 {[%clk 01:09:18]} {[%emt 00:12:40]}
11. Rb1 {[%clk 01:18:30]} {[%emt 00:01:54]} Qa3 {[%clk 01:04:09]} {[%emt
00:05:39]} 12. Qb3 {[%clk 01:18:28]} {[%emt 00:00:28]} a5 {[%clk 01:03:41]}
{[%emt 00:01:03]} 13. Qxa3 {[%clk 01:18:12]} {[%emt 00:00:46]} Bxa3 {[%clk
01:03:54]} {[%emt 00:00:16]} 14. Nb5 {[%clk 01:18:29]} {[%emt 00:00:13]} Kd8
{[%clk 01:03:21]} {[%emt 00:01:03]} 15. Nxa3 {[%clk 01:18:26]} {[%emt
00:00:33]} b6 {[%clk 01:00:29]} {[%emt 00:03:22]} 16. Ne5 {[%clk 01:16:13]}
{[%emt 00:02:44]} Nh6 {[%clk 01:00:28]} {[%emt 00:00:31]} 17. Bxh6 {[%clk
01:16:25]} {[%emt 00:00:18]} Rf8 {[%clk 01:00:13]} {[%emt 00:00:44]} 18. Bxg7
{[%clk 01:16:17]} {[%emt 00:00:39]} Rg8 {[%clk 00:59:28]} {[%emt 00:01:15]} 19.
Bf6+ {[%clk 01:15:35]} {[%emt 00:01:11]} Ke8 {[%clk 00:59:11]} {[%emt
00:00:47]} 20. Nb5 {[%clk 01:14:06]} {[%emt 00:01:59]} Ba6 {[%clk 00:58:23]}
{[%emt 00:01:18]} 21. Nc7+ {[%clk 01:14:07]} {[%emt 00:00:30]} Kf8 {[%clk
00:58:15]} {[%emt 00:00:38]} 22. Nxd7# {[%emt 00:00:29]} 1-0

[Event "DVM U16w 2024"]
[Site "Neumünster GER"]
[Date "2024.12.27"]
[Round "2"]
[White "Quauck, Isabell"]
[Black "Schmidt, Emelie"]
[Result "0-1"]
[Termination "normal"]
[Board "10.3"]
[WhiteElo "1465"]
[BlackElo "1545"]
[WhiteClock "01:05:23"]
[BlackClock "01:01:52"]
[WhiteTeam "SV Eintracht Tangerhütte"]
[BlackTeam "SV Stuttgart-Wolfbusch 1956"]
[PlyCount "64"]
[WhiteFideId "34665390"]
[BlackFideId "34682490"]
[EventCountry "GER"]
[EventRounds "7"]
[EventType "team-swiss"]
[EventDate "2024.12.26"]

1. b4 {[%emt 00:00:08]} e5 {[%clk 01:30:53]} {[%emt 00:00:05]} 2. Bb2 {[%clk
01:31:14]} {[%emt 00:00:10]} Bxb4 {[%clk 01:31:14]} {[%emt 00:00:09]} 3. Bxe5
{[%clk 01:31:37]} {[%emt 00:00:07]} Nf6 {[%clk 01:31:33]} {[%emt 00:00:11]} 4.
a3 {[%clk 01:31:41]} {[%emt 00:00:27]} Ba5 {[%clk 01:31:42]} {[%emt 00:00:20]}
5. e3 {[%clk 01:31:59]} {[%emt 00:00:13]} O-O {[%clk 01:31:28]} {[%emt
00:00:44]} 6. Nf3 {[%clk 01:32:19]} {[%emt 00:00:09]} d5 {[%clk 01:30:33]}
{[%emt 00:01:25]} 7. Bd3 {[%clk 01:32:13]} {[%emt 00:00:36]} Nbd7 {[%clk
01:29:18]} {[%emt 00:01:46]} 8. Bb2 {[%clk 01:26:48]} {[%emt 00:05:55]} Re8
{[%clk 01:26:05]} {[%emt 00:03:43]} 9. Nc3 {[%clk 01:25:24]} {[%emt 00:01:54]}
c5 {[%clk 01:20:37]} {[%emt 00:05:58]} 10. O-O {[%clk 01:23:36]} {[%emt
00:02:18]} a6 {[%clk 01:15:30]} {[%emt 00:05:37]} 11. Re1 {[%clk 01:21:07]}
{[%emt 00:02:58]} c4 {[%clk 01:05:25]} {[%emt 00:10:37]} 12. Nxd5 {[%clk
01:16:22]} {[%emt 00:05:14]} cxd3 {[%clk 01:04:29]} {[%emt 00:01:26]} 13. Nxf6+
{[%clk 01:16:10]} {[%emt 00:00:41]} Nxf6 {[%clk 01:04:52]} {[%emt 00:00:08]}
14. Ne5 {[%clk 01:16:13]} {[%emt 00:00:27]} dxc2 {[%clk 01:04:20]} {[%emt
00:01:02]} 15. Qxc2 {[%clk 01:16:33]} {[%emt 00:00:09]} Qxd2 {[%clk 01:03:51]}
{[%emt 00:01:00]} 16. Qxd2 {[%clk 01:15:51]} {[%emt 00:01:12]} Bxd2 {[%clk
01:04:07]} {[%emt 00:00:13]} 17. Red1 {[%clk 01:16:07]} {[%emt 00:00:15]} Ba5
{[%clk 01:04:18]} {[%emt 00:00:19]} 18. Nc4 {[%clk 01:16:03]} {[%emt 00:00:33]}
Bc7 {[%clk 01:03:59]} {[%emt 00:00:49]} 19. Rac1 {[%clk 01:14:03]} {[%emt
00:02:31]} Be6 {[%clk 01:03:15]} {[%emt 00:01:15]} 20. Nd2 {[%clk 01:11:26]}
{[%emt 00:03:07]} Bb6 {[%clk 01:03:19]} {[%emt 00:00:26]} 21. Bxf6 {[%clk
01:11:15]} {[%emt 00:00:40]} gxf6 {[%clk 01:03:39]} {[%emt 00:00:10]} 22. Ne4
{[%clk 01:11:39]} {[%emt 00:00:06]} Kg7 {[%clk 01:03:08]} {[%emt 00:01:00]} 23.
Nd6 {[%clk 01:11:26]} {[%emt 00:00:43]} Re7 {[%clk 01:02:22]} {[%emt 00:01:16]}
24. Rb1 {[%clk 01:11:20]} {[%emt 00:00:36]} Bc5 {[%clk 01:01:21]} {[%emt
00:01:32]} 25. Nxb7 {[%emt 00:00:25]} Bxa3 {[%clk 01:01:22]} {[%emt 00:00:24]}
26. e4 {[%clk 01:09:22]} {[%emt 00:02:36]} Rb8 {[%clk 01:00:36]} {[%emt
00:01:17]} 27. Rd3 {[%clk 01:06:41]} {[%emt 00:03:11]} Rexb7 {[%clk 01:00:47]}
{[%emt 00:00:20]} 28. Rxb7 {[%clk 01:04:44]} {[%emt 00:02:27]} Rxb7 {[%clk
01:00:19]} {[%emt 00:00:59]} 29. Rg3+ {[%clk 01:04:28]} {[%emt 00:00:45]} Kf8
{[%clk 01:00:35]} {[%emt 00:00:14]} 30. h3 {[%clk 01:04:43]} {[%emt 00:00:15]}
Rb1+ {[%clk 01:01:00]} {[%emt 00:00:05]} 31. Kh2 {[%clk 01:05:06]} {[%emt
00:00:06]} Bd6 {[%clk 01:01:27]} {[%emt 00:00:04]} 32. f4 {[%clk 01:05:23]}
{[%emt 00:00:13]} Bxf4 {[%clk 01:01:52]} {[%emt 00:00:05]} 0-1

[Event "DVM U16w 2024"]
[Site "Neumünster GER"]
[Date "2024.12.27"]
[Round "2"]
[White "Klotz, Emilia Marie"]
[Black "Lippok, Hanna"]
[Result "1-0"]
[Termination "normal"]
[Board "10.4"]
[WhiteElo "781"]
[BlackElo "744"]
[WhiteClock "00:34:55"]
[BlackClock "01:22:49"]
[WhiteTeam "SV Stuttgart-Wolfbusch 1956"]
[BlackTeam "SV Eintracht Tangerhütte"]
[PlyCount "53"]
[BlackFideId "34681655"]
[EventCountry "GER"]
[EventRounds "7"]
[EventType "team-swiss"]
[EventDate "2024.12.26"]

1. e4 {[%clk 01:30:57]} {[%emt 00:00:02]} e5 {[%clk 01:30:51]} {[%emt
00:00:10]} 2. Nf3 {[%clk 01:31:08]} {[%emt 00:00:18]} Nc6 {[%clk 01:30:58]}
{[%emt 00:00:24]} 3. Bc4 {[%clk 01:31:03]} {[%emt 00:00:33]} Bc5 {[%clk
01:31:09]} {[%emt 00:00:20]} 4. O-O {[%clk 01:31:02]} {[%emt 00:00:31]} Nf6
{[%clk 01:31:33]} {[%emt 00:00:08]} 5. Nc3 {[%clk 01:30:34]} {[%emt 00:00:56]}
Na5 {[%clk 01:31:30]} {[%emt 00:00:34]} 6. Bb5 {[%clk 01:28:53]} {[%emt
00:02:11]} O-O {[%clk 01:31:30]} {[%emt 00:00:30]} 7. d3 {[%clk 01:28:45]}
{[%emt 00:00:37]} Bb4 {[%clk 01:31:46]} {[%emt 00:00:15]} 8. Bd2 {[%clk
01:27:48]} {[%emt 00:01:24]} Nh5 {[%clk 01:31:39]} {[%emt 00:00:38]} 9. Nxe5
{[%clk 01:25:45]} {[%emt 00:02:34]} Qe7 {[%clk 01:31:34]} {[%emt 00:00:31]} 10.
Qxh5 {[%clk 01:21:48]} {[%emt 00:04:30]} d6 {[%clk 01:30:09]} {[%emt 00:01:47]}
11. Nc4 {[%clk 01:16:27]} {[%emt 00:05:59]} c6 {[%clk 01:29:21]} {[%emt
00:01:19]} 12. Nxa5 {[%clk 01:12:24]} {[%emt 00:04:31]} Bxa5 {[%clk 01:28:55]}
{[%emt 00:00:57]} 13. Bc4 {[%clk 01:09:42]} {[%emt 00:03:12]} Bc7 {[%clk
01:27:31]} {[%emt 00:01:54]} 14. Rae1 {[%clk 01:06:31]} {[%emt 00:03:40]} d5
{[%clk 01:26:26]} {[%emt 00:01:36]} 15. exd5 {[%clk 01:00:49]} {[%emt
00:06:11]} Qd6 {[%clk 01:26:43]} {[%emt 00:00:14]} 16. d4 {[%clk 00:53:12]}
{[%emt 00:08:06]} g5 {[%clk 01:26:35]} {[%emt 00:00:39]} 17. Bxg5 {[%clk
00:52:48]} {[%emt 00:00:53]} Bf5 {[%clk 01:24:13]} {[%emt 00:02:52]} 18. Ne4
{[%clk 00:48:41]} {[%emt 00:04:36]} Bxe4 {[%clk 01:23:49]} {[%emt 00:00:55]}
19. Rxe4 {[%clk 00:44:03]} {[%emt 00:05:08]} f6 {[%clk 01:23:10]} {[%emt
00:01:09]} 20. Bf4 {[%clk 00:43:39]} {[%emt 00:00:51]} Qd7 {[%clk 01:22:40]}
{[%emt 00:00:54]} 21. dxc6+ {[%clk 00:41:30]} {[%emt 00:05:46]} Qf7 {[%clk
01:22:24]} {[%emt 00:00:56]} 22. Bxf7+ {[%clk 00:41:10]} {[%emt 00:00:50]} Rxf7
{[%clk 01:22:40]} {[%emt 00:00:13]} 23. Bxc7 {[%clk 00:40:28]} {[%emt
00:01:14]} Rc8 {[%clk 01:22:49]} {[%emt 00:00:17]} 24. Bf4 {[%clk 00:38:27]}
{[%emt 00:02:33]} Rxc6 {[%clk 01:22:37]} {[%emt 00:00:39]} 25. Rfe1 {[%clk
00:37:32]} {[%emt 00:01:27]} Rxc2 {[%clk 01:22:44]} {[%emt 00:00:25]} 26. Re8+
{[%clk 00:36:17]} {[%emt 00:01:44]} Kg7 {[%clk 01:22:49]} {[%emt 00:00:24]} 27.
Qh6# {[%clk 00:34:55]} {[%emt 00:01:52]} 1-0

[Event "DVM U16w 2024"]
[Site "Neumünster GER"]
[Date "2024.12.28"]
[Round "3"]
[White "Reich, Elisabeth"]
[Black "Lorenz, Veronika"]
[Result "1/2-1/2"]
[Termination "normal"]
[Board "1.1"]
[WhiteElo "1861"]
[BlackElo "1973"]
[WhiteClock "00:24:25"]
[BlackClock "00:02:13"]
[WhiteTeam "ATSV Oberkotzau"]
[BlackTeam "TSG Oberschöneweide"]
[PlyCount "68"]
[WhiteFideId "16239776"]
[BlackFideId "16277406"]
[EventCountry "GER"]
[EventRounds "7"]
[EventType "team-swiss"]
[EventDate "2024.12.26"]

1. e4 {[%clk 01:30:58]} {[%emt 00:00:01]} e5 {[%clk 01:30:59]} {[%emt
00:00:02]} 2. Nf3 {[%clk 01:31:26]} {[%emt 00:00:01]} Nc6 {[%clk 01:31:25]}
{[%emt 00:00:04]} 3. Bc4 {[%clk 01:31:47]} {[%emt 00:00:09]} Bc5 {[%clk
01:31:54]} {[%emt 00:00:01]} 4. d3 {[%clk 01:32:04]} {[%emt 00:00:13]} Nf6
{[%clk 01:32:22]} {[%emt 00:00:03]} 5. c3 {[%clk 01:32:20]} {[%emt 00:00:13]}
d6 {[%clk 01:32:44]} {[%emt 00:00:09]} 6. Nbd2 {[%clk 01:32:24]} {[%emt
00:00:26]} Bb6 {[%clk 01:33:04]} {[%emt 00:00:11]} 7. Bb3 {[%clk 01:32:33]}
{[%emt 00:00:20]} O-O {[%clk 01:29:58]} {[%emt 00:03:36]} 8. Nf1 {[%clk
01:32:28]} {[%emt 00:00:34]} Ne7 {[%clk 01:24:26]} {[%emt 00:06:03]} 9. Ng3
{[%clk 01:32:40]} {[%emt 00:00:17]} Ng6 {[%clk 01:23:33]} {[%emt 00:01:24]} 10.
O-O {[%clk 01:32:42]} {[%emt 00:00:27]} c6 {[%clk 01:22:48]} {[%emt 00:01:16]}
11. h3 {[%clk 01:30:01]} {[%emt 00:03:07]} h6 {[%clk 01:14:12]} {[%emt
00:09:10]} 12. Re1 {[%clk 01:27:13]} {[%emt 00:03:17]} Be6 {[%clk 01:02:34]}
{[%emt 00:12:09]} 13. d4 {[%clk 01:22:10]} {[%emt 00:05:33]} Bxb3 {[%clk
01:02:25]} {[%emt 00:00:40]} 14. axb3 {[%clk 01:22:30]} {[%emt 00:00:09]} Re8
{[%clk 00:55:40]} {[%emt 00:07:15]} 15. b4 {[%clk 01:13:49]} {[%emt 00:09:10]}
d5 {[%clk 00:47:32]} {[%emt 00:08:38]} 16. exd5 {[%clk 01:07:00]} {[%emt
00:07:19]} exd4 {[%clk 00:38:36]} {[%emt 00:09:27]} 17. Rxe8+ {[%clk 01:04:58]}
{[%emt 00:02:31]} Nxe8 {[%clk 00:33:03]} {[%emt 00:06:04]} 18. Nxd4 {[%clk
01:03:21]} {[%emt 00:02:07]} Qxd5 {[%clk 00:32:49]} {[%emt 00:00:43]} 19. Be3
{[%clk 01:02:54]} {[%emt 00:00:57]} Rd8 {[%clk 00:31:54]} {[%emt 00:01:26]} 20.
Qf1 {[%clk 00:57:53]} {[%emt 00:05:26]} Nd6 {[%clk 00:30:46]} {[%emt 00:01:43]}
21. Rd1 {[%clk 00:52:25]} {[%emt 00:05:57]} Nc4 {[%clk 00:17:00]} {[%emt
00:14:17]} 22. Bc1 {[%clk 00:51:16]} {[%emt 00:01:39]} Nce5 {[%clk 00:16:49]}
{[%emt 00:00:41]} 23. Ngf5 {[%clk 00:45:02]} {[%emt 00:06:43]} Qc4 {[%clk
00:14:03]} {[%emt 00:03:17]} 24. Qxc4 {[%clk 00:35:40]} {[%emt 00:09:52]} Nxc4
{[%clk 00:14:30]} {[%emt 00:00:02]} 25. b3 {[%clk 00:36:09]} {[%emt 00:00:02]}
Nd6 {[%clk 00:14:59]} {[%emt 00:00:01]} 26. Nxc6 {[%clk 00:34:47]} {[%emt
00:01:52]} Bxf2+ {[%clk 00:07:39]} {[%emt 00:07:50]} 27. Kf1 {[%clk 00:28:50]}
{[%emt 00:06:26]} bxc6 {[%clk 00:08:03]} {[%emt 00:00:07]} 28. Rxd6 {[%clk
00:28:41]} {[%emt 00:00:38]} Rxd6 {[%clk 00:07:19]} {[%emt 00:01:15]} 29. Nxd6
{[%clk 00:28:44]} {[%emt 00:00:25]} Bg3 {[%clk 00:05:43]} {[%emt 00:02:07]} 30.
Ne4 {[%clk 00:26:12]} {[%emt 00:03:01]} Be5 {[%clk 00:05:42]} {[%emt 00:00:32]}
31. Bd2 {[%clk 00:25:49]} {[%emt 00:00:51]} Kf8 {[%clk 00:03:48]} {[%emt
00:02:26]} 32. Nc5 {[%clk 00:25:39]} {[%emt 00:00:40]} Ke7 {[%clk 00:04:03]}
{[%emt 00:00:15]} 33. c4 {[%clk 00:25:36]} {[%emt 00:00:32]} Bd4 {[%clk
00:02:07]} {[%emt 00:02:25]} 34. Nd3 {[%clk 00:24:25]} {[%emt 00:01:42]} Kd7
{[%clk 00:02:13]} {[%emt 00:00:25]} 1/2-1/2